Normal view
MARC view
Entry Topical Term
001 - CONTROL NUMBER
- control field: 24482
003 - CONTROL NUMBER IDENTIFIER
- control field: dpl
005 - DATE AND TIME OF LATEST TRANSACTION
- control field: 20101129111315.0
008 - FIXED-LENGTH DATA ELEMENTS
- fixed length control field: 101129|||a|||||| | ||| d
040 ## - CATALOGING SOURCE
- Original cataloging agency: dpl
- Transcribing agency: dpl
150 ## - HEADING--TOPICAL TERM
- Topical term or geographic name as entry element: Science
- Form subdivision: Periodicals.
670 ## - SOURCE DATA FOUND
- Source citation: Work cat.: (dpl)0: Everyman's science.
670 ## - SOURCE DATA FOUND
- Source citation: Work cat.: (dpl)0: Everyman's science.
